| 000 | 01090nam a22002777a 4500 | ||
|---|---|---|---|
| 999 |
_c2272 _d2272 |
||
| 003 | AR-CdUCM | ||
| 008 | 190304b ||||| |||| 00| 0 spa d | ||
| 040 |
_aMUNICIPALIDAD PROVINCIAL DEL CUSCO _cBIBLIOTECA MUNICIPAL DEL CUSCO |
||
| 082 |
_a333.0985063 / _bR34 |
||
| 110 |
_aCIPSA - Centro de Investigación y Promoción del Campesinado _98204 |
||
| 245 |
_aReforma Agraria como Proceso Social : _bAnálisis y Perspectiva Nacional |
||
| 260 |
_aLima : _bCentro de Investigación y Promoción del Campesinado _c1984. |
||
| 300 |
_a163 paginas ; _bilustraciones, graficos, _c21cm. |
||
| 500 | _aAnexo: Ley de Promoción y Desarrollo Agrario | ||
| 505 | _aContenido -- Reformas AgraReforma agraria en America Latina -- Realidad del Agronacional.... | ||
| 650 |
_aReforma Agraria _91861 |
||
| 650 |
_aCongresos _92448 |
||
| 650 |
_aAspectos Sociales _9262 |
||
| 650 |
_aPerú _935 |
||
| 700 |
_aFigallo, Guillermo _98205 |
||
| 700 |
_aMaletta, Hector _98206 |
||
| 700 |
_aMazoyer, Marzel _98207 |
||
| 700 |
_aSantuc, Vicente _98208 |
||
| 942 |
_2ddc _cLIBROS |
||
| 945 |
_apjha _d2019-03-04 |
||